Famous People who were Considered to be Jesus - Statistics

General Stats
  • This quiz has been taken 187 times
  • The average score is 4 of 10
Answer Stats
Life Hint Person % Correct
1934–2017 American cult leader with his own "Family" Charles Manson
82%
1931–1978 People's Temple founder (organized mass suicide in Guyana) Jim Jones
69%
1892–1975 Ethiopian emperor; the Second Coming according to Rastafari Haile Selassie
66%
1920–2012 Leader of the Unification Church in South Korea Sun Myung Moon
59%
1959–1993 Leader of a Branch Davidian religious sect in Waco David Koresh
49%
1931–1997 Led the Heaven's Gate group to suicide during Hale–Bopp comet Marshall {Applewhite}
18%
1817–1892 Founded the Baháʼí Faith in 1863 Bahá'u'lláh
8%
1955–2018 Founded Aum Shinrikyo, responsible for Tokyo sarin attacks {Shoko} {Asahara}
8%
1736–1784 Female founder and leader of the Shakers religious group {Ann} {Lee}
7%
1938–2012 Vandalized Michelangelo's Pietà with a hammer in 1972 Laszlo {Toth}
3%
No matching quizzes found
Score Distribution
Percent of People with Each Score
Percentile by Number Answered
Your Score History
You have not taken this quiz